Las presidencias-gobernaciones en Indias: siglo XVI

Αποθηκεύτηκε σε:
Λεπτομέρειες βιβλιογραφικής εγγραφής
Κύριος συγγραφέας: Muro Romero, Fernando (autor)
Μορφή: Βιβλίο
Γλώσσα:Ισπανικά
Έκδοση: Sevilla Escuela de Estudios Hispano-Americanos 1975
Σειρά:Escuela de Estudios Hispano-Americanos de Sevilla, 229
Θέματα:
Ετικέτες: Προσθήκη ετικέτας
Δεν υπάρχουν, Καταχωρήστε ετικέτα πρώτοι!

MARC

LEADER 00000nam a2200000 a 4500
001 UCR0524
003 CL-VaPUC
008 971205e19750000SP |||||||||||||||||spa|d
082 0 4 |a 340.098  |b MUR  |2 21 
100 |a Muro Romero, Fernando  |e autor  |9 396295 
245 1 4 |a Las presidencias-gobernaciones en Indias: siglo XVI 
300 |a 255 p 
942 |c BK 
945 |d 19971205 00:00:00  |a cmena 
260 |a Sevilla  |b Escuela de Estudios Hispano-Americanos  |c 1975 
650 0 |a Derecho Indiano  |9 256266 
650 0 |a Gobernadores  |9 323856 
650 0 |a Estado y derecho  |9 255403 
650 0 |a Administración pública   |9 255343 
650 0 |a Instituciones políticas  |9 255506 
650 0 |a Función pública  |9 343165 
583 |a last modification  |c 19971205 00:00:00  |k Rodrigo Vera 
490 0 |a Escuela de Estudios Hispano-Americanos de Sevilla, 229 
999 |c 264026  |d 264024 
952 |0 0  |1 0  |4 0  |6 340_098000000000000_MUR_1975  |7 0  |8 DER_HDC  |9 293598  |a BIBDER  |b BIBDER  |d 2019-11-19  |i 1908383  |o 340.098 MUR 1975  |p 1908383  |r 2023-01-25  |w 2019-11-19  |x Ubicación 4to Piso  |y BK  |z Estos recursos deben solicitarse con anticipación  |k DER